[Event "European Youth Chess Championship G18"]
[Site "Prague, Top Hotel Prague"]
[Date "2012.08.25"]
[Round "9.1"]
[White "Goryachkina, Aleksandra"]
[Black "Aranaz Murillo, Amalia"]
[Result "1-0"]
[WhiteElo "2361"]
[BlackElo "2237"]
[PlyCount "0"]
[EventDate "2012.08.17"]

1. d4 {[%clk 1:30:57]} e6 {[%clk 1:30:49]} 2. c4 {[%clk 1:30:58]} Bb4+
{[%clk 1:30:44]} 3. Nc3 {[%clk 1:25:51]} c5 {[%clk 1:31:03]} 4. e3
{[%clk 1:13:32]} cxd4 {[%clk 1:28:16]} 5. exd4 {[%clk 1:11:58]} d5
{[%clk 1:24:10]} 6. cxd5 {[%clk 1:05:18]} exd5 {[%clk 1:22:21]} 7. Qb3
{[%clk 1:01:01]} Nc6 {[%clk 1:18:19]} 8. Bb5 {[%clk 0:57:22]} Qe7+
{[%clk 1:16:32]} 9. Nge2 {[%clk 0:54:37]} a6 {[%clk 1:13:31]} 10. Bxc6+
{[%clk 0:54:46]} bxc6 {[%clk 1:13:55]} 11. O-O {[%clk 0:53:49]} h6
{[%clk 1:09:01]} 12. Nf4 {[%clk 0:49:21]} Bd6 {[%clk 1:03:12]} 13. Bd2
{[%clk 0:45:10]} Qc7 {[%clk 0:53:18]} 14. Rfe1+ {[%clk 0:41:09]} Ne7
{[%clk 0:51:37]} 15. Rac1 {[%clk 0:33:26]} Qb7 {[%clk 0:43:16]} 16. Qxb7
{[%clk 0:30:05]} Bxb7 {[%clk 0:43:38]} 17. Nd3 {[%clk 0:29:27]} O-O
{[%clk 0:40:41]} 18. Bf4 {[%clk 0:28:35]} Bxf4 {[%clk 0:39:19]} 19. Nxf4
{[%clk 0:29:04]} Nf5 {[%clk 0:39:37]} 20. Red1 {[%clk 0:27:47]} Rab8
{[%clk 0:34:51]} 21. b3 {[%clk 0:23:49]} Rfe8 {[%clk 0:32:01]} 22. Nfe2
{[%clk 0:20:04]} Kf8 {[%clk 0:23:13]} 23. Ng3 {[%clk 0:19:59]} Nxg3
{[%clk 0:23:26]} 24. hxg3 {[%clk 0:19:58]} Ke7 {[%clk 0:23:17]} 25. f3
{[%clk 0:19:32]} Kd6 {[%clk 0:22:39]} 26. Kf2 {[%clk 0:18:58]} a5
{[%clk 0:18:01]} 27. Na4 {[%clk 0:17:50]} Ba6 {[%clk 0:18:10]} 28. Nc5
{[%clk 0:17:27]} Rb6 {[%clk 0:16:50]} 29. Rd2 {[%clk 0:17:44]} Bb5
{[%clk 0:16:08]} 30. Rcc2 {[%clk 0:12:29]} Ra8 {[%clk 0:15:38]} 31. a4
{[%clk 0:12:04]} Ba6 {[%clk 0:16:03]} 32. g4 {[%clk 0:11:36]} Re8
{[%clk 0:15:10]} 33. b4 {[%clk 0:08:03]} Bc4 {[%clk 0:12:18]} 34. bxa5
{[%clk 0:08:27]} Rb1 {[%clk 0:12:08]} 35. Rb2 {[%clk 0:07:17]} Rf1+
{[%clk 0:12:14]} 36. Kg3 {[%clk 0:07:43]} Re7 {[%clk 0:11:05]} 37. a6
{[%clk 0:06:50]} Ra1 {[%clk 0:03:11]} 38. Rb7 {[%clk 0:05:07]} Bxa6
{[%clk 0:03:28]} 39. Rxe7 {[%clk 0:05:28]} Kxe7 {[%clk 0:03:52]} 40. Nxa6
{[%clk 0:35:54]} Rxa4 {[%clk 0:34:16]} 41. Nc5 {[%clk 0:36:12]} Rb4
{[%clk 0:33:35]} 42. Kf2 {[%clk 0:35:48]} g6 {[%clk 0:30:34]} 43. Ke3
{[%clk 0:35:52]} 1-0

[Event "European Youth Chess Championship G18"]
[Site "Prague, Top Hotel Prague"]
[Date "2012.08.25"]
[Round "9.4"]
[White "Schulz, Anja"]
[Black "Foisor, Mihaela-Veronica"]
[Result "1/2-1/2"]
[WhiteElo "2108"]
[BlackElo "2220"]
[PlyCount "0"]
[EventDate "2012.08.17"]

1. e4 {[%clk 1:30:58]} c5 {[%clk 1:30:50]} 2. Nf3 {[%clk 1:31:18]} a6
{[%clk 1:31:06]} 3. c3 {[%clk 1:30:32]} e6 4. d4 {[%clk 1:30:11]} d5
{[%clk 1:31:47]} 5. exd5 {[%clk 1:30:05]} exd5 {[%clk 1:32:07]} 6. Bg5
{[%clk 1:30:02]} Qb6 {[%clk 1:23:27]} 7. Qc2 {[%clk 1:19:26]} Nc6
{[%clk 1:21:01]} 8. dxc5 {[%clk 1:17:20]} Bxc5 {[%clk 1:20:24]} 9. h3
{[%clk 1:11:49]} Bf5 {[%clk 1:03:49]} 10. Qxf5 {[%clk 0:48:04]} Qxb2
{[%clk 1:00:32]} 11. Be2 {[%clk 0:39:51]} Nge7 {[%clk 0:59:05]} 12. Qd3
{[%clk 0:37:24]} Qxa1 {[%clk 0:57:41]} 13. Qc2 {[%clk 0:35:27]} Rc8
{[%clk 0:38:51]} 14. O-O {[%clk 0:27:40]} d4 {[%clk 0:34:12]} 15. Bd2
{[%clk 0:20:23]} d3 {[%clk 0:16:49]} 16. Bxd3 {[%clk 0:18:42]} Nb4
{[%clk 0:16:52]} 17. Qa4+ {[%clk 0:17:57]} b5 {[%clk 0:17:12]} 18. Bxb5+
{[%clk 0:18:09]} axb5 {[%clk 0:17:38]} 19. Qxb5+ {[%clk 0:18:35]} Nbc6
{[%clk 0:17:32]} 20. Qxc5 {[%clk 0:15:18]} Qxa2 {[%clk 0:17:21]} 21. c4
{[%clk 0:14:29]} O-O {[%clk 0:15:36]} 22. Nc3 {[%clk 0:14:34]} Qc2
{[%clk 0:13:03]} 23. Re1 {[%clk 0:14:16]} Ng6 {[%clk 0:12:27]} 24. h4
{[%clk 0:12:55]} Nce5 {[%clk 0:11:49]} 25. Rxe5 {[%clk 0:09:32]} Rxc5
{[%clk 0:11:39]} 26. Rxc5 {[%clk 0:09:55]} Nxh4 {[%clk 0:11:20]} 27. Nxh4
{[%clk 0:08:52]} Qxd2 {[%clk 0:11:42]} 28. Nd5 {[%clk 0:09:09]} Qe1+
{[%clk 0:10:58]} 29. Kh2 {[%clk 0:09:35]} Qxf2 {[%clk 0:08:45]} 30. Ne7+
{[%clk 0:09:40]} Kh8 {[%clk 0:09:11]} 31. Rh5 {[%clk 0:09:59]} g6
{[%clk 0:09:05]} 32. Nhxg6+ {[%clk 0:08:53]} fxg6 {[%clk 0:09:00]} 33. Nxg6+
{[%clk 0:09:17]} Kg7 {[%clk 0:08:59]} 34. Nxf8 {[%clk 0:09:27]} Qf4+
{[%clk 0:09:00]} 35. Kh1 {[%clk 0:08:51]} Qxf8 {[%clk 0:07:58]} 36. Rh3
{[%clk 0:08:42]} Qf1+ {[%clk 0:08:07]} 37. Kh2 {[%clk 0:09:08]} Qxc4
{[%clk 0:08:31]} 38. Kh1 {[%clk 0:09:21]} Qc7 {[%clk 0:07:20]} 39. Kg1
{[%clk 0:09:16]} Kg6 {[%clk 0:04:44]} 40. Kh1 {[%clk 0:39:29]} h5
{[%clk 0:34:13]} 41. Kg1 {[%clk 0:37:49]} Kg5 {[%clk 0:34:28]} 42. Kh1
{[%clk 0:37:20]} Kg4 {[%clk 0:34:42]} 43. Kg1 {[%clk 0:37:15]} Qc1+
{[%clk 0:34:44]} 44. Kh2 {[%clk 0:37:36]} Qe1 {[%clk 0:34:42]} 45. Rf3
{[%clk 0:37:07]} h4 {[%clk 0:34:16]} 46. Rh3 {[%clk 0:37:09]} Qf1
{[%clk 0:32:57]} 47. Rf3 {[%clk 0:37:09]} Qb5 {[%clk 0:28:46]} 48. Rh3
{[%clk 0:37:10]} Qe5+ {[%clk 0:27:40]} 1/2-1/2

[Event "European Youth Chess Championship G18"]
[Site "Prague, Top Hotel Prague"]
[Date "2012.08.25"]
[Round "9.5"]
[White "Petrukhina, Irina"]
[Black "Imeeva, Aisa"]
[Result "1-0"]
[WhiteElo "2212"]
[BlackElo "2095"]
[PlyCount "0"]
[EventDate "2012.08.17"]

1. Nf3 {[%clk 1:30:54]} Nf6 {[%clk 1:30:54]} 2. c4 {[%clk 1:31:16]} e6
{[%clk 1:31:20]} 3. g3 {[%clk 1:31:30]} b6 {[%clk 1:31:38]} 4. Bg2
{[%clk 1:30:58]} Bb7 {[%clk 1:32:02]} 5. O-O {[%clk 1:30:21]} Be7
{[%clk 1:32:23]} 6. d4 {[%clk 1:29:27]} O-O {[%clk 1:32:42]} 7. d5
{[%clk 1:29:45]} exd5 {[%clk 1:31:22]} 8. Nh4 {[%clk 1:29:48]} c6
{[%clk 1:23:51]} 9. cxd5 {[%clk 1:29:56]} Nxd5 {[%clk 1:24:00]} 10. Nf5
{[%clk 1:30:12]} Nf6 {[%clk 1:22:41]} 11. e4 {[%clk 1:27:15]} d5 {[%clk 1:20:07]}
12. e5 {[%clk 1:13:48]} Ne8 {[%clk 1:20:15]} 13. Qg4 {[%clk 1:12:32]} Kh8
{[%clk 1:18:34]} 14. b3 {[%clk 1:04:07]} Bc8 {[%clk 1:15:18]} 15. Qf3
{[%clk 0:52:13]} f6 {[%clk 1:12:57]} 16. Nxe7 {[%clk 0:50:04]} Qxe7
{[%clk 1:12:29]} 17. Ba3 {[%clk 0:47:06]} Qf7 {[%clk 0:59:15]} 18. Bxf8
{[%clk 0:42:44]} Qxf8 {[%clk 0:59:43]} 19. Nc3 {[%clk 0:42:41]} Nd7
{[%clk 0:59:56]} 20. Rfe1 {[%clk 0:41:45]} Kg8 {[%clk 0:59:36]} 21. Nxd5
{[%clk 0:38:53]} Nxe5 {[%clk 0:59:17]} 22. Qc3 {[%clk 0:31:20]} Bb7
{[%clk 0:57:30]} 23. Nb4 {[%clk 0:30:23]} Nd6 {[%clk 0:57:21]} 24. Rad1
{[%clk 0:27:19]} Nb5 {[%clk 0:49:38]} 25. Qd2 {[%clk 0:27:24]} a5
{[%clk 0:49:19]} 26. Nxc6 {[%clk 0:25:59]} Bxc6 {[%clk 0:26:53]} 27. Bxc6
{[%clk 0:25:16]} Nxc6 {[%clk 0:27:04]} 28. Qd5+ {[%clk 0:25:36]} Kh8
{[%clk 0:27:23]} 29. Qxc6 {[%clk 0:25:51]} Na3 {[%clk 0:24:26]} 30. Qxb6
{[%clk 0:23:55]} Nc2 {[%clk 0:21:56]} 31. Re2 {[%clk 0:23:56]} 1-0

[Event "European Youth Chess Championship G18"]
[Site "Prague, Top Hotel Prague"]
[Date "2012.08.25"]
[Round "9.6"]
[White "Kaliadzich, Maryia"]
[Black "Grigoryeva, Olga A"]
[Result "1-0"]
[WhiteElo "1915"]
[BlackElo "2190"]
[PlyCount "171"]
[EventDate "2012.08.17"]

1. d4 Nf6 2. Nf3 c5 3. e3 cxd4 4. exd4 g6 5. Bd3 Bg7 6. O-O O-O 7. c3 b6 8. Qe2
Bb7 9. Bg5 d6 10. Nbd2 Nbd7 11. Ne4 Re8 12. Rfe1 Qc7 13. Nxf6+ Nxf6 14. Rad1 a6
15. Bh4 b5 16. Bc2 Bd5 17. Bb3 Qb7 18. Bxd5 Qxd5 19. a3 a5 20. Rc1 Rac8 21.
Red1 e6 22. Ne1 Nh5 23. Bg3 Bh6 24. Rc2 Nxg3 25. hxg3 Qc4 26. Nd3 e5 27. dxe5
dxe5 28. Re1 f6 29. Qe4 Red8 30. Qxc4+ bxc4 31. Nc1 Rb8 32. Ne2 Rb7 33. g4 Rdb8
34. Ng3 Rxb2 35. Rxb2 Rxb2 36. Ne4 Rc2 37. Nxf6+ Kg7 38. Ne4 Ra2 39. g5 Bxg5
40. Nxg5 Kf6 41. Ne4+ Ke6 42. Rd1 Rxa3 43. f3 a4 44. Rd6+ Ke7 45. Rc6 Ra1+ 46.
Kf2 a3 47. Rxc4 Rc1 48. Ra4 Rc2+ 49. Kg3 a2 50. Ra6 h6 51. c4 Rxc4 52. Rxa2 Rc6
53. Ra7+ Ke6 54. Rh7 h5 55. Rg7 Kd5 56. Kh4 Kd4 57. Kg5 Rc2 58. Rxg6 Rxg2+ 59.
Kxh5 Rh2+ 60. Kg4 Rh1 61. Ng3 Rg1 62. Rd6+ Ke3 63. Rd5 Kf2 64. Rd2+ Ke3 65.
Re2+ Kd4 66. Re4+ Kd5 67. Kh3 Rb1 68. Nf5 Rb5 69. Ne3+ Kd6 70. Kg4 Ke6 71. Nc4
Kf6 72. Nxe5 Rb1 73. Kf4 Rb5 74. Ng4+ Kg6 75. Re6+ Kf7 76. Ra6 Rh5 77. Ne5+ Ke7
78. Ke4 Kf8 79. Ra7 Ke8 80. f4 Rh1 81. Kf5 Rh5+ 82. Kf6 Rh6+ 83. Ng6 Rh1 84. f5
Rf1 85. Ne5 Kd8 86. Ke6 1-0

[Event "European Youth Chess Championship G18"]
[Site "Prague, Top Hotel Prague"]
[Date "2012.08.25"]
[Round "9.8"]
[White "Severina, Maria"]
[Black "Terzidaki, Alexandra"]
[Result "1-0"]
[WhiteElo "2147"]
[BlackElo "1958"]
[PlyCount "0"]
[EventDate "2012.08.17"]

1. Nf3 {[%clk 1:30:58]} e6 {[%clk 1:30:50]} 2. c4 {[%clk 1:31:19]} b6
{[%clk 1:31:06]} 3. Nc3 {[%clk 1:30:34]} Bb7 {[%clk 1:30:06]} 4. g3
{[%clk 1:29:17]} f5 {[%clk 1:29:06]} 5. Bg2 {[%clk 1:27:20]} Bb4 {[%clk 1:28:00]}
6. Qb3 {[%clk 1:23:28]} a5 {[%clk 1:27:41]} 7. a3 {[%clk 1:22:38]} Bxc3
{[%clk 1:27:32]} 8. Qxc3 {[%clk 1:23:02]} Nf6 {[%clk 1:26:36]} 9. b4
{[%clk 1:18:10]} Qe7 {[%clk 1:11:34]} 10. Bb2 {[%clk 1:04:24]} O-O
{[%clk 1:02:27]} 11. O-O {[%clk 0:54:12]} Ne4 {[%clk 0:57:49]} 12. Qb3
{[%clk 0:48:13]} Na6 {[%clk 0:42:22]} 13. d3 {[%clk 0:43:21]} Nf6
{[%clk 0:37:23]} 14. Bc3 {[%clk 0:40:26]} f4 {[%clk 0:25:19]} 15. Qb2
{[%clk 0:30:41]} fxg3 {[%clk 0:21:14]} 16. fxg3 {[%clk 0:26:36]} Ng4
{[%clk 0:19:55]} 17. Qd2 {[%clk 0:25:40]} d6 {[%clk 0:08:56]} 18. bxa5
{[%clk 0:18:38]} Nc5 {[%clk 0:07:54]} 19. Rab1 {[%clk 0:17:04]} Na4
{[%clk 0:04:01]} 20. axb6 {[%clk 0:15:35]} Nxc3 {[%clk 0:03:44]} 21. Qxc3
{[%clk 0:16:03]} Ne3 {[%clk 0:03:28]} 22. Rfe1 {[%clk 0:15:10]} d5
{[%clk 0:02:37]} 23. bxc7 {[%clk 0:13:05]} Qxc7 {[%clk 0:01:41]} 24. Qe5
{[%clk 0:12:06]} Qxe5 {[%clk 0:00:41]} 25. Nxe5 {[%clk 0:12:35]} Ba6
{[%clk 0:00:40]} 26. Bf3 {[%clk 0:07:00]} Rf5 {[%clk 0:00:37]} 27. Nc6
{[%clk 0:06:48]} Kh8 {[%clk 0:00:41]} 28. Nd4 {[%clk 0:06:21]} Rf6
{[%clk 0:00:52]} 29. cxd5 {[%clk 0:06:06]} exd5 {[%clk 0:01:07]} 30. Rec1
{[%clk 0:05:10]} Bc8 {[%clk 0:00:50]} 31. Nc2 {[%clk 0:05:04]} Nxc2
{[%clk 0:00:36]} 32. Rxc2 {[%clk 0:05:28]} Bh3 {[%clk 0:00:58]} 33. Rc5
{[%clk 0:03:49]} g5 {[%clk 0:00:41]} 34. Rcb5 {[%clk 0:01:20]} g4
{[%clk 0:00:41]} 35. Bxd5 {[%clk 0:00:47]} Raf8 {[%clk 0:00:55]} 36. Rb8
{[%clk 0:00:49]} Rxb8 {[%clk 0:00:52]} 37. Rxb8+ {[%clk 0:01:16]} Kg7
{[%clk 0:01:12]} 38. Bg2 {[%clk 0:01:33]} 1-0

[Event "European Youth Chess Championship G18"]
[Site "Prague, Top Hotel Prague"]
[Date "2012.08.25"]
[Round "9.9"]
[White "Sviridova, Vlada"]
[Black "Froewis, Annika"]
[Result "0-1"]
[WhiteElo "2132"]
[BlackElo "2000"]
[PlyCount "0"]
[EventDate "2012.08.17"]

1. e4 {[%clk 1:30:59]} e5 {[%clk 1:30:56]} 2. Nf3 {[%clk 1:31:26]} Nc6
{[%clk 1:31:21]} 3. Bb5 {[%clk 1:31:53]} a6 {[%clk 1:31:43]} 4. Ba4
{[%clk 1:32:20]} Nf6 {[%clk 1:32:00]} 5. O-O {[%clk 1:32:38]} b5 {[%clk 1:31:48]}
6. Bb3 {[%clk 1:33:05]} Bc5 {[%clk 1:32:14]} 7. c3 {[%clk 1:32:43]} d6
{[%clk 1:32:26]} 8. d4 {[%clk 1:32:46]} Bb6 {[%clk 1:32:45]} 9. Re1
{[%clk 1:32:27]} O-O {[%clk 1:30:03]} 10. h3 {[%clk 1:29:55]} Bb7
{[%clk 1:21:14]} 11. Bg5 {[%clk 1:21:18]} h6 {[%clk 1:19:14]} 12. Bh4
{[%clk 1:21:13]} Re8 {[%clk 1:14:02]} 13. d5 {[%clk 1:19:44]} Ne7
{[%clk 1:05:58]} 14. Bxf6 {[%clk 1:19:45]} gxf6 {[%clk 1:06:27]} 15. Nh4
{[%clk 1:18:09]} Bc8 {[%clk 0:53:48]} 16. Qh5 {[%clk 1:18:07]} Kg7
{[%clk 0:52:25]} 17. Nd2 {[%clk 1:16:38]} Rg8 {[%clk 0:35:38]} 18. Ndf3
{[%clk 1:07:02]} Qf8 {[%clk 0:28:56]} 19. Nf5+ {[%clk 1:04:29]} Kh7
{[%clk 0:24:51]} 20. Kf1 {[%clk 1:01:04]} Ng6 {[%clk 0:20:49]} 21. g3
{[%clk 1:01:19]} Bd7 {[%clk 0:19:20]} 22. h4 {[%clk 1:00:40]} Ne7
{[%clk 0:18:38]} 23. Nh2 {[%clk 0:55:05]} a5 {[%clk 0:14:07]} 24. a3
{[%clk 0:51:07]} Rb8 {[%clk 0:13:38]} 25. Ng4 {[%clk 0:49:23]} Rg6
{[%clk 0:09:51]} 26. Bd1 {[%clk 0:44:29]} Ng8 {[%clk 0:08:54]} 27. Nge3
{[%clk 0:44:18]} Ne7 {[%clk 0:08:09]} 28. g4 {[%clk 0:39:27]} Rd8
{[%clk 0:07:21]} 29. Bf3 {[%clk 0:38:46]} Bxe3 {[%clk 0:04:51]} 30. fxe3
{[%clk 0:38:03]} Bxf5 {[%clk 0:04:56]} 31. exf5 {[%clk 0:38:24]} Rg8
{[%clk 0:04:35]} 32. Kf2 {[%clk 0:38:18]} c6 {[%clk 0:04:24]} 33. e4
{[%clk 0:37:13]} Rc8 {[%clk 0:04:05]} 34. Rg1 {[%clk 0:37:27]} cxd5
{[%clk 0:04:28]} 35. g5 {[%clk 0:35:35]} dxe4 {[%clk 0:04:05]} 36. Bxe4
{[%clk 0:31:52]} d5 {[%clk 0:04:29]} 37. Bc2 {[%clk 0:26:35]} e4 {[%clk 0:04:30]}
38. gxf6 {[%clk 0:25:54]} Nc6 {[%clk 0:04:35]} 39. Rxg8 {[%clk 0:12:18]} Qc5+
{[%clk 0:04:48]} 40. Ke2 {[%clk 0:42:28]} Rxg8 {[%clk 0:33:39]} 41. Qxf7+
{[%clk 0:41:27]} Kh8 {[%clk 0:33:59]} 42. Rf1 {[%clk 0:38:24]} Ne5
{[%clk 0:20:44]} 43. Qh5 {[%clk 0:30:58]} Ng4 {[%clk 0:17:24]} 44. Kd1
{[%clk 0:28:08]} Qe3 {[%clk 0:14:51]} 45. Bb1 {[%clk 0:27:48]} a4
{[%clk 0:13:22]} 46. Ba2 {[%clk 0:25:55]} Nf2+ {[%clk 0:10:40]} 47. Kc2
{[%clk 0:25:31]} Qd3+ {[%clk 0:10:49]} 48. Kc1 {[%clk 0:25:57]} Qxf1+
{[%clk 0:11:07]} 49. Kd2 {[%clk 0:26:26]} Qd3+ {[%clk 0:10:59]} 50. Ke1
{[%clk 0:26:48]} Rg1+ {[%clk 0:08:30]} 51. Kxf2 {[%clk 0:27:13]} Qg3+
{[%clk 0:08:56]} 52. Ke2 {[%clk 0:27:23]} Qe1# 0-1

[Event "European Youth Chess Championship G18"]
[Site "Prague, Top Hotel Prague"]
[Date "2012.08.25"]
[Round "9.10"]
[White "Shvayger, Yuliya"]
[Black "Vatkali, Dimitra"]
[Result "1-0"]
[WhiteElo "2202"]
[BlackElo "1936"]
[PlyCount "0"]
[EventDate "2012.08.17"]

1. e4 {[%clk 1:30:59]} c6 {[%clk 1:30:56]} 2. d4 {[%clk 1:31:23]} d5
{[%clk 1:31:23]} 3. e5 {[%clk 1:31:48]} Bf5 {[%clk 1:31:49]} 4. Nf3
{[%clk 1:32:13]} e6 {[%clk 1:32:14]} 5. Be2 {[%clk 1:32:25]} Nd7 {[%clk 1:32:40]}
6. O-O {[%clk 1:32:48]} Bg6 {[%clk 1:33:02]} 7. Nbd2 {[%clk 1:32:18]} Nh6
{[%clk 1:33:09]} 8. Nb3 {[%clk 1:31:15]} Nf5 {[%clk 1:32:37]} 9. a4
{[%clk 1:27:44]} a5 {[%clk 1:27:40]} 10. Bd2 {[%clk 1:22:53]} Be7
{[%clk 1:24:32]} 11. g4 {[%clk 1:12:55]} Nh4 {[%clk 1:14:31]} 12. Nxh4
{[%clk 1:12:58]} Bxh4 {[%clk 1:12:24]} 13. f4 {[%clk 1:13:27]} f6
{[%clk 0:48:56]} 14. exf6 {[%clk 1:09:03]} Bxf6 {[%clk 0:47:33]} 15. g5
{[%clk 1:09:07]} Be7 {[%clk 0:46:34]} 16. Bg4 {[%clk 1:09:11]} Bf5
{[%clk 0:46:23]} 17. Bxf5 {[%clk 1:05:09]} exf5 {[%clk 0:46:45]} 18. Qe1
{[%clk 1:05:37]} O-O {[%clk 0:35:14]} 19. Bxa5 {[%clk 1:05:35]} b6
{[%clk 0:33:42]} 20. Bc3 {[%clk 1:06:03]} Kh8 {[%clk 0:32:02]} 21. Qe6
{[%clk 1:01:51]} Nb8 {[%clk 0:22:34]} 22. Rf3 {[%clk 0:52:37]} Bd6
{[%clk 0:21:29]} 23. Qe1 {[%clk 0:47:21]} Ra7 {[%clk 0:18:35]} 24. Qh4
{[%clk 0:45:37]} Re8 {[%clk 0:15:50]} 25. a5 {[%clk 0:38:53]} bxa5
{[%clk 0:12:28]} 26. Bxa5 {[%clk 0:34:31]} Bc7 {[%clk 0:09:25]} 27. Rh3
{[%clk 0:30:55]} h6 {[%clk 0:08:12]} 28. Bxc7 {[%clk 0:30:41]} Rxa1+
{[%clk 0:08:09]} 29. Nxa1 {[%clk 0:31:10]} Qxc7 {[%clk 0:08:18]} 30. gxh6
{[%clk 0:31:04]} g6 {[%clk 0:08:08]} 31. Qf6+ {[%clk 0:30:20]} Kh7
{[%clk 0:08:33]} 32. Rg3 {[%clk 0:30:44]} Rg8 {[%clk 0:03:42]} 33. Nb3
{[%clk 0:28:56]} Qxf4 {[%clk 0:01:41]} 34. Qf7+ {[%clk 0:29:10]} Kh8
{[%clk 0:01:33]} 35. h7 {[%clk 0:29:37]} Rg7 {[%clk 0:00:43]} 36. Qf8+
{[%clk 0:30:00]} Kxh7 {[%clk 0:01:08]} 37. Rh3+ {[%clk 0:30:25]} 1-0

[Event "European Youth Chess Championship G18"]
[Site "Prague, Top Hotel Prague"]
[Date "2012.08.25"]
[Round "9.11"]
[White "Nonkovic, Bogdana"]
[Black "Kabai, Zsuzsanna"]
[Result "1-0"]
[WhiteElo "1950"]
[BlackElo "2097"]
[PlyCount "81"]
[EventDate "2012.08.17"]

1. d4 d5 2. c4 e6 3. Nf3 c6 4. Qc2 Nf6 5. g3 Nbd7 6. Bg2 Bb4+ 7. Bd2 Be7 8. O-O
O-O 9. b3 Re8 10. Nc3 b6 11. e4 Bb4 12. Nxd5 exd5 13. Bxb4 Nxe4 14. cxd5 cxd5
15. Qc6 Ba6 16. Rfc1 Ndf6 17. Ne5 Re6 18. Qc7 Qxc7 19. Rxc7 Ng5 20. Rac1 Ne8
21. R7c2 Bb7 22. h4 f6 23. Nd3 a5 24. Ba3 Ne4 25. Nf4 Kf7 26. Nxe6 Kxe6 27.
Bh3+ f5 28. Re2 Kf6 29. Kh2 Rc8 30. Rxc8 Bxc8 31. f3 N4d6 32. Rc2 Bd7 33. Bxd6
Nxd6 34. Bf1 g6 35. Bd3 h6 36. Rc7 Ke6 37. Kg2 Ke7 38. Kf2 Kd8 39. Rc1 Ke7 40.
Ke3 Nf7 41. a4 1-0

[Event "European Youth Chess Championship G18"]
[Site "Prague, Top Hotel Prague"]
[Date "2012.08.25"]
[Round "9.12"]
[White "Dalemans, Diana"]
[Black "Gevorgyan, Maria"]
[Result "1/2-1/2"]
[WhiteElo "1958"]
[BlackElo "2069"]
[PlyCount "64"]
[EventDate "2012.08.17"]

1. e4 e5 2. Nf3 Nf6 3. Nxe5 d6 4. Nf3 Nxe4 5. d4 d5 6. Bd3 Nc6 7. O-O Bg4 8. c4
Nf6 9. Nc3 Be7 10. cxd5 Nxd5 11. Be4 Nf6 12. Bxc6+ bxc6 13. h3 Bd7 14. Ne5 O-O
15. Qf3 Rc8 16. Re1 Re8 17. Be3 Rb8 18. Rab1 Rb6 19. Bg5 h6 20. Bh4 c5 21. dxc5
Bxc5 22. Nd5 Rbe6 23. Bxf6 gxf6 24. Qg4+ Kh7 25. Qf5+ Kh8 26. Nxf7+ Kg7 27.
Red1 Qc8 28. Qh5 f5 29. Nf4 Rf6 30. Rd5 Bb4 31. Ne5 Rxe5 32. Rxe5 Qa6 1/2-1/2

[Event "European Youth Chess Championship G18"]
[Site "Prague, Top Hotel Prague"]
[Date "2012.08.25"]
[Round "9.14"]
[White "Skrabakova, Katarina"]
[Black "Zpevakova, Jana"]
[Result "1-0"]
[WhiteElo "1989"]
[BlackElo "1901"]
[PlyCount "120"]
[EventDate "2012.08.17"]

1. e4 e6 2. d4 d5 3. Nd2 c5 4. exd5 Qxd5 5. Ngf3 cxd4 6. Bc4 Qd6 7. O-O Nc6 8.
Nb3 Nf6 9. Nbxd4 Nxd4 10. Nxd4 a6 11. Re1 Be7 12. c3 O-O 13. Qf3 Qc7 14. Bb3
Bd6 15. h3 Bd7 16. Bg5 Bc6 17. Nxc6 Qxc6 18. Qxc6 bxc6 19. Rad1 Rfd8 20. Ba4
Rac8 21. Rd4 c5 22. Rd2 h6 23. Red1 Be7 24. Rxd8+ Rxd8 25. Rxd8+ Bxd8 26. Be3
Be7 27. c4 Bd6 28. Kf1 Kf8 29. Bc6 a5 30. Bd2 Bc7 31. a3 Ke7 32. b4 axb4 33.
axb4 Kd6 34. b5 Ng8 35. Ke2 Ne7 36. Be4 f5 37. Bc2 e5 38. g4 f4 39. f3 g5 40.
Bh7 Nc8 41. Kd3 Ne7 42. Ke4 Ke6 43. Bc3 Kf6 44. Be1 Bb6 45. h4 Bd8 46. h5 Ke6
47. Bc3 Bc7 48. Bg6 Bb8 49. Ba5 Bd6 50. Bb6 Ng8 51. Bf5+ Ke7 52. Kd5 Nf6+ 53.
Kc6 e4 54. fxe4 f3 55. e5 Bxe5 56. Bxc5+ Kd8 57. Bb6+ Ke7 58. Bf2 Kd8 59. c5
Bb8 60. Kb7 Be5 1-0

[Event "European Youth Chess Championship G18"]
[Site "Prague, Top Hotel Prague"]
[Date "2012.08.25"]
[Round "9.15"]
[White "Turkova, Karolina"]
[Black "Iwanow, Anna"]
[Result "0-1"]
[WhiteElo "2004"]
[BlackElo "2205"]
[PlyCount "80"]
[EventDate "2012.08.17"]

1. e4 e5 2. Nf3 Nc6 3. Bb5 a6 4. Ba4 Nge7 5. c3 d6 6. O-O h6 7. d4 Bd7 8. Nbd2
g5 9. dxe5 dxe5 10. Bxc6 Nxc6 11. Nc4 Bg7 12. Qd3 Be6 13. Qxd8+ Rxd8 14. Ne3
O-O 15. b3 a5 16. Ba3 Rfe8 17. Rad1 a4 18. Nd5 Rd7 19. c4 axb3 20. axb3 g4 21.
Nd2 Nd4 22. f3 gxf3 23. gxf3 Nc2 24. Bc5 c6 25. Ne3 Nd4 26. Kf2 Kh7 27. Rg1 h5
28. Rg5 Kh6 29. Rg2 Bf6 30. Bxd4 exd4 31. Nef1 Ra8 32. Ng3 Ra2 33. Ke1 b5 34.
Rf2 Bd8 35. f4 Bh3 36. cxb5 cxb5 37. Nf3 Ba5+ 38. Nd2 Re7 39. Rb1 Bb4 40. Re2
d3 0-1

[Event "European Youth Chess Championship G18"]
[Site "Prague, Top Hotel Prague"]
[Date "2012.08.25"]
[Round "9.16"]
[White "Azimova, Karina"]
[Black "Ljikar, Tamara"]
[Result "1-0"]
[WhiteElo "2050"]
[BlackElo "1821"]
[PlyCount "67"]
[EventDate "2012.08.17"]

1. e4 e5 2. Bc4 d6 3. Nf3 Be7 4. O-O Nf6 5. d3 O-O 6. c3 c6 7. Bb3 Re8 8. Nbd2
Bf8 9. Re1 Qc7 10. Nf1 d5 11. Ng3 g6 12. Bg5 Nbd7 13. Qd2 Bg7 14. Rad1 b6 15.
exd5 cxd5 16. d4 e4 17. Bf4 Qd8 18. Ne5 Bb7 19. Ba4 Re6 20. c4 Rc8 21. cxd5
Bxd5 22. Bxd7 Nxd7 23. Ng4 f5 24. Ne3 Bxa2 25. d5 Re8 26. Ngxf5 gxf5 27. Nxf5
Rc5 28. b4 Bb3 29. bxc5 Bxd1 30. Qxd1 Nxc5 31. Re3 Qd7 32. Nxg7 Kxg7 33. Rg3+
Kh8 34. Qd4+ 1-0

[Event "European Youth Chess Championship G18"]
[Site "Prague, Top Hotel Prague"]
[Date "2012.08.25"]
[Round "9.17"]
[White "Machlik, Edit"]
[Black "Tran, My Linh"]
[Result "0-1"]
[WhiteElo "1740"]
[BlackElo "2031"]
[PlyCount "68"]
[EventDate "2012.08.17"]

1. e4 e5 2. Nf3 Nc6 3. Bb5 g6 4. O-O Bg7 5. c3 a6 6. Ba4 d6 7. d4 Bd7 8. dxe5
dxe5 9. c4 Nd4 10. Nxd4 exd4 11. f4 c5 12. f5 b5 13. fxg6 hxg6 14. Qf3 Qf6 15.
Qe2 Qd6 16. e5 Qxe5 17. Qxe5+ Bxe5 18. Re1 f6 19. cxb5 axb5 20. Bc2 Kf7 21. g3
c4 22. Be4 Rd8 23. Nd2 Bg4 24. Bc6 Bd7 25. Bd5+ Be6 26. Bc6 b4 27. Nf3 Bd6 28.
Rd1 Bc5 29. Bf4 Ne7 30. Bb7 d3+ 31. Kh1 Nd5 32. Bxd5 Bxd5 33. Kg2 g5 34. Bc1 g4
0-1

[Event "European Youth Chess Championship G18"]
[Site "Prague, Top Hotel Prague"]
[Date "2012.08.25"]
[Round "9.18"]
[White "Milicevic, Dajana"]
[Black "Galunova, Tsveta"]
[Result "1/2-1/2"]
[WhiteElo "1684"]
[BlackElo "2091"]
[PlyCount "120"]
[EventDate "2012.08.17"]

1. d4 d5 2. c4 c6 3. cxd5 cxd5 4. Nc3 Nf6 5. Nf3 Nc6 6. Bf4 Bf5 7. e3 e6 8. Bd3
Bxd3 9. Qxd3 Be7 10. O-O O-O 11. h3 Rc8 12. Rfc1 Na5 13. Rc2 Nd7 14. Rac1 Nb6
15. Nb5 Nc6 16. a3 a6 17. Nc3 Qd7 18. Nd2 Na5 19. Ncb1 Rxc2 20. Rxc2 Rc8 21. b4
Nac4 22. Nxc4 Nxc4 23. Nd2 b5 24. Nf3 Qa7 25. Qb3 a5 26. Ne5 f6 27. Nd3 Ra8 28.
Rc1 Kf7 29. Nc5 axb4 30. axb4 Qa2 31. Qxa2 Rxa2 32. Rb1 Nd2 33. Rd1 Nc4 34. Rb1
Na3 35. Rb3 Nc2 36. Bc7 Ra3 37. Rxa3 Nxa3 38. Kf1 Nc2 39. Ba5 e5 40. dxe5 fxe5
41. Na6 d4 42. Ke2 Bd6 43. Bc7 Ke6 44. exd4 Nxd4+ 45. Kd3 Kd5 46. Bxd6 Kxd6 47.
Ke4 Nb3 48. Kd3 Kc6 49. Kc3 Nd4 50. Nc5 Kd5 51. Kd3 Nc6 52. Kc3 e4 53. Na6 Nd4
54. Nc7+ Ke5 55. Kd2 g6 56. g3 Kd6 57. Ne8+ Ke7 58. Nc7 Kd6 59. Ne8+ Ke5 60.
Nc7 Kd6 1/2-1/2